00354 a2200133 450000100060000002000060000604000260001210000220003824000590006024500540011930000070017336200090018065000310018949380 a  cAnchieta - Bela Vista aFollador, Solange10aCosme, o afro baianinho em "ginga à bolonhesa".lpor10aCosme, o afro baianinho em "ginga à bolonhesa". a270 a2006 4aLiteratura infanto-juvenil